Normal view
MARC view
- NS ABDUL HASEEB SYED NS HARIS ZAFAR NS RAJA M. ASIM FEROZ
Entry Personal Name
001 - CONTROL NUMBER
- control field: 70788
003 - CONTROL NUMBER IDENTIFIER
- control field: NUST
005 - DATE AND TIME OF LATEST TRANSACTION
- control field: 20210628204543.0
008 - FIXED-LENGTH DATA ELEMENTS
- fixed length control field: 210628|| aca||aabn | a|a d
040 ## - CATALOGING SOURCE
- Original cataloging agency: NUST
- Transcribing agency: NUST
100 ## - HEADING--PERSONAL NAME
- Personal name: NS ABDUL HASEEB SYED NS HARIS ZAFAR NS RAJA M. ASIM FEROZ
670 ## - SOURCE DATA FOUND
- Source citation: Work cat.: (NUST): NS ABDUL HASEEB SYED NS HARIS ZAFAR NS RAJA M. ASIM FEROZ , PR-SOF-1519-DESIGN AND FABRICATION OF SPEED BREAKER TO GENERATE ELECTRICITY USING RACK & PINION ARRANGEMENT, 2016
